00000000nam 2200000zi 4500
0019.934033
003CaOODSP
00520241121115946
006m     o  d f      
007cr |n|||||||||
008240216t19771977onco    or   f000 0|eng d
040 |aCaOODSP|beng|erda|cCaOODSP
043 |an-cn---
0861 |aC23-301/1977E-PDF
24503|aAn export directory of Canadian electrical manufacturers.
24634|aElectrical Canada
264 1|aOttawa, Canada : |bDepartment of Industry, Trade and Commerce, |c[1977]
264 4|c©1977
300 |a1 online resource (45 pages) : |bphotographs
336 |atext|btxt|2rdacontent
337 |acomputer|bc|2rdamedia
338 |aonline resource|bcr|2rdacarrier
500 |aDigitized edition from print [produced by Innovation, Science and Economic Development Canada].
500 |aIssued also in French under title: Guide de l'acheteur étranger fabricants d'équipement électrique au Canada.
650 0|aElectric industries|zCanada|vDirectories.
650 0|aExport marketing|zCanada|vDirectories.
650 0|aElectric machinery industry|zCanada|vDirectories.
655 7|aDirectories|2lcgft
7101 |aCanada. |bDepartment of Industry, Trade and Commerce, |eissuing body.
77508|tGuide de l'acheteur étranger fabricants d'équipement électrique au Canada.|w(CaOODSP)9.945419
85640|qPDF|s3.70 MB|uhttps://publications.gc.ca/collections/collection_2024/isde-ised/c23/C23-301-1977-eng.pdf